Frankfurt - quiz wielokrotnego wyboru - Statystyki

Ogólne statystyki
  • Ten quiz został rozwiązany 627 razy
  • Średni wynik to 7 z 10
Statystyki odpowiedzi
Zagadnienie Odpowiedź % Poprawnych
Kim lub czym jest Frankfuterka? Kiełbasą
95%
Gdzie położony jest Frankfurt?
91%
Która z poniższych organizacji/organów władzy ma swoją główną siedzibę we Frankfurcie? Europejski Bank Centralny
88%
Frankfurt jest także znany jako _____ stolica Niemiec Finansowa
81%
Kto napisał dramat "Faust" i jest patronem uniwersytetu we Frankfurcie? Johann Wolfgang von Goethe
80%
Które z poniższych stwierdzeń jest prawdziwe? We Frankfurcie znajduje się najbardziej oblegane lotnisko w Niemczech
80%
Która z tych firm ma swoją siedzibę we Frankfurcie? Deutsche Bank
75%
Która niesamowicie bogata rodzina wywodzi się z frankfurckiego getta w XVIII wieku? Rothschildowie
64%
Które z poniższych rzeczy posiada Frankfurt? 20 z 22 drapaczy chmur w Niemczech
59%
Kto był koronowany we Frankfurcie? Cesarze Świętego Cesarstwa Rzymskiego
36%
Nie znaleziono quizów pasujących do podanych kryteriów
Rozkład punktacji
Procent ludzi z każdym wynikiem
Percentyl według liczby udzielonych odpowiedzi
Twoja historia wyników
Nie rozwiązałeś tego quizu